UM Logo

Retail service quality and sustainability of convenience store in Digos City/ (Record no. 2716)

MARC details
000 -LEADER
fixed length control field 00705nam a22001697a 4500
008 - FIXED-LENGTH DATA ELEMENTS--GENERAL INFORMATION
fixed length control field 160525b xxu||||| |||| 00| 0 eng d
082 ## - DEWEY DECIMAL CLASSIFICATION NUMBER
Edition number 2014
Classification number UT 0539
Item number M37
100 ## - MAIN ENTRY--PERSONAL NAME
9 (RLIN) 8982
Personal name Mascardo, Kimberly Ann L.
245 ## - TITLE STATEMENT
Title Retail service quality and sustainability of convenience store in Digos City/
Statement of responsibility, etc. Kimberly Ann L. Mascardo, Lovely Jane P. Olquin, Christy Lou R. Bosio and reymond B. Rivera.
260 ## - PUBLICATION, DISTRIBUTION, ETC. (IMPRINT)
Place of publication, distribution, etc. Digos City:
Name of publisher, distributor, etc. UMDC
Date of publication, distribution, etc. October 2014.
300 ## - PHYSICAL DESCRIPTION
Extent 77 pages;
Dimensions 30 cm.
650 #0 - SUBJECT ADDED ENTRY--TOPICAL TERM
9 (RLIN) 8981
Topical term or geographic name as entry element Business Administration
Form subdivision Marketing Management
General subdivision Undergraduate thesis.
700 ## - ADDED ENTRY--PERSONAL NAME
9 (RLIN) 8978
Personal name Olquin, Lovely Jane P.
700 ## - ADDED ENTRY--PERSONAL NAME
9 (RLIN) 8979
Personal name Bosio, Christy Lou R.
700 ## - ADDED ENTRY--PERSONAL NAME
9 (RLIN) 8980
Personal name Rivera, Reymond B.
942 ## - ADDED ENTRY ELEMENTS (KOHA)
Source of classification or shelving scheme Dewey Decimal Classification
Koha item type Undergraduate Thesis
Holdings
Withdrawn status Lost status Source of classification or shelving scheme Damaged status Not for loan Collection code Home library Current library Date acquired Total Checkouts Full call number Barcode Date last seen Price effective from Koha item type
    Dewey Decimal Classification     Undergraduate Theses UM Digos College - LIC UM Digos College - LIC 05/25/2016   UT 0539 M37 2014 UT0539 05/25/2016 05/25/2016 Undergraduate Thesis